[Event "AUTO-INT-1652"]
[Site "http://www.queenalice.com/game.php?id=812157"]
[Date "2010.8.2"]
[Round "2"]
[White "Garry_Kasparov"]
[Black "callende"]
[Result "1-0"]
[WhiteElo "2091"]
[BlackElo "2017"]

1. d4 d5 2. c4 Nf6 3. Nf3 Bf5 4. Nc3 e6 5. Ne5 Ne4 6. Nxe4 Bxe4 7. f3 Nd7 8.
Nxd7 Qxd7 9. fxe4 dxe4 10. e3 e5 11. dxe5 Bb4+ 12. Bd2 Be7 13. Bc3 Qf5 14. Qa4+
c6 15. O-O-O Bc5 16. Bd4 Bxd4 17. exd4 O-O 18. Be2 Rfd8 19. Rhf1 Qg5+ 20. Kb1
Qxg2 21. Qc2 Qxh2 22. Qxe4 Qg3 23. Rh1 h6 24. Rdg1 Qf2 25. e6 Rxd4 26. exf7+
Kxf7 27. Qg6+ Ke7 28. Qxg7+ Kd6 29. Rxh6+ Kc5 30. Rh5+ Kb6 31. c5+ Ka5 32. Qc7+
Ka4 33. b3+ Kb4 34. Qxb7+ Ka5 35. Qa6+ Kb4 36. a3+ Kc3 37. Qa5+ 1-0

[Event "AUTO-INT-1652"]
[Site "http://www.queenalice.com/game.php?id=812158"]
[Date "2010.8.2"]
[Round "2"]
[White "callende"]
[Black "Garry_Kasparov"]
[Result "0-1"]
[WhiteElo "2063"]
[BlackElo "2075"]

1. d4 d5 2. c4 e6 3. a3 Nf6 4. Bg5 h6 5. Bh4 dxc4 6. Nc3 a6 7. e4 g5 8. Bg3 Nc6
9. Nf3 b5 10. d5 exd5 11. exd5 Na5 12. Qe2+ Be7 13. Rd1 O-O 14. Qc2 Re8 15. Be2
Nb3 16. Ne5 Bd6 17. Nc6 Qd7 18. O-O Qf5 19. Nd4 Nxd4 20. Qxf5 Nxf5 21. a4 b4 22.
Bxc4 bxc3 23. bxc3 Ne4 24. Bxd6 Nfxd6 25. Bb3 Nxc3 26. Rd3 Ne2+ 27. Kh1 Bf5 28.
Rd2 Rab8 29. Bd1 Nc3 30. Bh5 Rb1 31. Kg1 Ree1 32. Bd1 Rxf1+ 33. Kxf1 Rxd1+ 0-1

[Event "AUTO-ADV-1747"]
[Site "http://www.queenalice.com/game.php?id=818925"]
[Date "2010.8.16"]
[Round "2"]
[White "Garry_Kasparov"]
[Black "trill"]
[Result "0-1"]
[WhiteElo "2084"]
[BlackElo "2470"]

1. d4 Nf6 2. c4 g6 3. Nc3 Bg7 4. e4 d6 5. Nf3 O-O 6. Be2 e5 7. d5 a5 8. Bg5 h6
9. Bh4 Na6 10. Nd2 Bd7 11. O-O Qe8 12. b3 Nh7 13. a3 h5 14. f3 Bh6 15. Rb1 Be3+
16. Kh1 f5 17. b4 f4 18. b5 Nc5 19. Nb3 Nxb3 20. Qxb3 g5 21. Bf2 Bxf2 22. Rxf2
g4 23. fxg4 hxg4 24. b6 g3 25. hxg3 fxg3 26. Rxf8+ Qxf8 27. Bf3 Qh6+ 0-1

[Event "AUTO-ADV-1747"]
[Site "http://www.queenalice.com/game.php?id=818926"]
[Date "2010.8.16"]
[Round "2"]
[White "trill"]
[Black "Garry_Kasparov"]
[Result "1-0"]
[WhiteElo "2472"]
[BlackElo "2082"]

1. c4 e5 2. g3 Nf6 3. Bg2 Nc6 4. Nc3 Bc5 5. Nf3 O-O 6. O-O d6 7. d3 Bf5 8. a3 h6
9. b4 Bb6 10. Bb2 a6 11. Rc1 Ne7 12. d4 Nd7 13. dxe5 dxe5 14. c5 Ba7 15. Nh4 Be6
16. Bxb7 Rb8 17. c6 Nb6 18. Bxa6 Nxc6 19. Nb5 Qe8 20. Nxc7 Qd7 21. Qxd7 Bxd7 22.
Nb5 Rfe8 23. Rfd1 Re6 24. Nc7 Rf6 25. Nf3 Rd8 26. Nxe5 Nxe5 27. Bxe5 Rf5 28. Bd4
Ba4 29. Bxb6 Rxd1+ 30. Rxd1 Bxb6 31. Rd8+ Kh7 32. Bd3 Bxc7 33. Bxf5+ g6 34. Ra8
Bb3 35. Be4 Kg7 36. a4 1-0

[Event "Luca74"]
[Site "http://www.queenalice.com/game.php?id=825847"]
[Date "2010.8.31"]
[Round "3"]
[White "Garry_Kasparov"]
[Black "stranieroinpatria"]
[Result "1-0"]
[WhiteElo "2123"]
[BlackElo "1792"]

1. e4 e5 2. Nf3 Nc6 3. Nc3 Nf6 4. Bc4 Bb4 5. d3 d6 6. O-O O-O 7. Nd5 Be6 8. c3
Bc5 9. b4 Bb6 10. a4 a5 11. Nxb6 cxb6 12. Bxe6 fxe6 13. b5 Ne7 14. Ng5 Qc8 15.
Ba3 h6 16. Bxd6 Qd7 17. Bxe5 Ng6 18. Nf3 Nxe5 19. Nxe5 Qc7 20. Nc4 Rfd8 21. Re1
Qf4 22. g3 Qg4 23. Ne5 Qxd1 24. Raxd1 Nd7 25. Nxd7 Rxd7 26. f4 g5 27. fxg5 hxg5
28. Rf1 Rf8 29. Rxf8+ Kxf8 30. h4 Rg7 31. h5 g4 32. e5 Rg5 33. Rf1+ Ke7 34. d4
Rxh5 35. Rf4 Rg5 36. Kf2 Rf5 37. Rxf5 exf5 38. Ke3 Ke6 39. Kf4 Kd5 40. Kxf5 Kc4
41. e6 1-0

[Event "Challenge"]
[Site "http://www.queenalice.com/game.php?id=826696"]
[Date "2010.9.2"]
[Round "-"]
[White "colombHouse"]
[Black "Garry_Kasparov"]
[Result "1-0"]
[WhiteElo "1996"]
[BlackElo "2103"]

1. Nf3 d5 2. c4 dxc4 3. e3 Be6 4. Na3 Nc6 5. Be2 Nf6 6. O-O g6 7. Nxc4 Bg7 8. b3
O-O 9. Bb2 Ne4 10. Bxg7 Kxg7 11. Qc2 Qd5 12. d4 b5 13. Nce5 Nxe5 14. Nxe5 f6 15.
Nd3 g5 16. Rac1 Bf5 17. f3 Nd6 18. Qxc7 a5 19. Qc5 Qb7 20. e4 Rac8 21. Qa3 Bd7
22. Nc5 Qa7 23. b4 a4 24. Qe3 Nf7 25. e5 Nh6 26. Bd3 Nf5 27. Qe4 e6 28. g4 1-0

[Event "AUTO-INT-1647"]
[Site "http://www.queenalice.com/game.php?id=832675"]
[Date "2010.9.14"]
[Round "2"]
[White "Garry_Kasparov"]
[Black "kiruba"]
[Result "1-0"]
[WhiteElo "2091"]
[BlackElo "1604"]

1. d4 Nf6 2. c4 d5 3. cxd5 Qxd5 4. Nc3 Qd8 5. e4 e6 6. Nf3 Bb4 7. Bd3 Nc6 8. Be3
Bxc3+ 9. bxc3 O-O 10. Bg5 h6 11. Bh4 Re8 12. e5 1-0

[Event "AUTO-INT-1647"]
[Site "http://www.queenalice.com/game.php?id=832677"]
[Date "2010.9.14"]
[Round "2"]
[White "Garry_Kasparov"]
[Black "callende"]
[Result "1-0"]
[WhiteElo "2116"]
[BlackElo "1965"]

1. e4 e5 2. Nf3 Nc6 3. Nc3 a6 4. d4 exd4 5. Nxd4 Nxd4 6. Qxd4 d6 7. Nd5 c6 8.
Nb6 c5 9. Qa4+ Bd7 10. Qb3 Rb8 11. Nxd7 Qxd7 12. Bxa6 Ne7 13. Bb5 Nc6 14. O-O
Qc7 15. Bf4 Be7 16. e5 O-O 17. exd6 Bxd6 18. Bxd6 Qxd6 19. Rad1 Nd4 20. c3 Nxb3
21. Rxd6 Na5 22. b4 cxb4 23. cxb4 Nc6 24. Bxc6 bxc6 25. a3 Ra8 26. Ra1 Rfc8 27.
a4 Rab8 28. Rb1 g6 29. g3 c5 30. b5 Ra8 31. b6 Rxa4 32. b7 Rb8 33. Rc6 Kg7 34.
Rc8 Rxb7 35. Rxb7 Ra1+ 36. Kg2 Kf6 37. Rxc5 h5 38. Kh3 Ra4 39. f4 Ra6 40. Rcc7
Ke6 41. Rxf7 Kd5 42. Rb5+ Ke6 43. Rh7 Kf6 44. Rbxh5 1-0

[Event "AUTO-INT-1647"]
[Site "http://www.queenalice.com/game.php?id=832678"]
[Date "2010.9.14"]
[Round "2"]
[White "callende"]
[Black "Garry_Kasparov"]
[Result "0-1"]
[WhiteElo "1985"]
[BlackElo "2093"]

1. d4 d5 2. Nf3 Nf6 3. c4 c6 4. Nc3 a6 5. Na4 dxc4 6. Ne5 Nbd7 7. Nxc4 b5 8. Ne5
bxa4 9. Nxc6 Qc7 10. Qxa4 Nb6 11. Qc2 Bb7 12. Nb4 Qd6 13. a3 Be4 14. Qb3 Qxd4
15. Be3 Qd8 16. Nd3 Nfd5 17. Ne5 Qc7 18. Rc1 Qxe5 19. f4 Qf6 20. a4 Nxe3 21.
Qxe3 Qxb2 22. Rg1 Qb4+ 23. Kf2 Nxa4 24. g4 e6 25. Qg3 Bc5+ 26. e3 Nb2 27. Be2
Nd3+ 28. Bxd3 Bxd3 29. Rge1 Rc8 30. f5 Qd2+ 31. Kg1 Bxe3+ 0-1

[Event "QA-ANNIV-06"]
[Site "http://www.queenalice.com/game.php?id=836915"]
[Date "2010.9.23"]
[Round "2"]
[White "tenentemurdock"]
[Black "Garry_Kasparov"]
[Result "0-1"]
[WhiteElo "1809"]
[BlackElo "2082"]

1. e4 e5 2. Nf3 Nc6 3. Bc4 Bc5 4. O-O d6 5. h3 Nf6 6. d3 h6 7. g4 O-O 8. c3 a5
9. Bd5 Ne7 10. d4 exd4 11. cxd4 Bb6 12. Nc3 c6 13. e5 Nxg4 14. hxg4 Bxg4 15. Be4
d5 16. Bb1 Qd7 17. Na4 Nc8 18. Nxb6 Nxb6 19. Qc2 g6 20. Bxh6 Bxf3 21. Kh2 Qg4
0-1

[Event "Challenge"]
[Site "http://www.queenalice.com/game.php?id=840447"]
[Date "2010.10.1"]
[Round "-"]
[White "Garry_Kasparov"]
[Black "menzo"]
[Result "1-0"]
[WhiteElo "2087"]
[BlackElo "1119"]

1. e4 e5 2. Nf3 Nc6 3. Nc3 Nf6 4. d4 d5 5. dxe5 Ng4 6. Nxd5 Bc5 7. Be3 Bxe3 8.
Nxe3 Nxe3 9. Qxd8+ Kxd8 10. fxe3 Be6 11. O-O-O+ Ke8 12. a3 Bg4 13. Bb5 a6 14.
Bxc6+ bxc6 15. h3 Be6 16. Nd4 Bd7 17. g4 h6 18. Nb3 Rb8 19. Nc5 Be6 20. Nxa6 Rb7
21. Nc5 Rb5 22. b4 Bc4 23. Rd7 h5 24. Rxc7 Rb8 25. Rxc6 hxg4 26. h4 g6 27. Na6
Bxa6 28. Rxa6 Rd8 29. Ra7 Rf8 30. b5 f6 31. e6 Rg8 32. Rg1 f5 33. b6 Rh8 34. Rd1
g3 35. Rxd8+ Kxd8 36. e7+ Kc8 37. b7+ Kc7 38. Ra8 Rxa8 39. bxa8=Q g2 40. Qa7+
Kd6 41. e5+ Kxe5 42. e8=Q+ Kd5 43. Qd4# 1-0

[Event "AUTO-MASTER-1242"]
[Site "http://www.queenalice.com/game.php?id=844482"]
[Date "2010.10.11"]
[Round "1"]
[White "Garry_Kasparov"]
[Black "ajbsantos"]
[Result "1-0"]
[WhiteElo "2104"]
[BlackElo "1956"]

1. e4 e5 2. Nf3 Nc6 3. Bc4 Bc5 4. d3 Nf6 5. Nc3 d6 6. Bg5 h6 7. Bh4 g5 8. Bg3 a6
9. O-O Be6 10. Nd5 Nxd5 11. exd5 Bxd5 12. Bxd5 Qd7 13. c3 O-O-O 14. d4 exd4 15.
Nxd4 Bxd4 16. cxd4 f5 17. Qb3 Na5 18. Qc3 Kb8 19. Qxa5 1-0

[Event "AUTO-MASTER-1242"]
[Site "http://www.queenalice.com/game.php?id=844483"]
[Date "2010.10.11"]
[Round "1"]
[White "ajbsantos"]
[Black "Garry_Kasparov"]
[Result "0-1"]
[WhiteElo "2019"]
[BlackElo "2125"]

1. d4 d6 2. e4 g6 3. Nc3 Bg7 4. Nf3 Nf6 5. Be2 O-O 6. O-O c6 7. a4 Nbd7 8. h3 e5
9. dxe5 Nxe5 10. Bg5 h6 11. Bh4 Nxf3+ 12. Bxf3 Be6 13. Re1 Qb6 14. Rb1 Rad8 15.
Qe2 Rfe8 16. Qe3 Qxe3 17. Rxe3 g5 18. Bg3 g4 19. hxg4 Nxg4 20. Rd3 Ne5 21. Bxe5
dxe5 22. Rbd1 Rxd3 23. Rxd3 Kf8 24. Rd2 Bf6 25. Be2 Bg5 26. Rd1 f5 27. Bh5 Rd8
28. Bg6 Rxd1+ 29. Nxd1 f4 30. f3 Kg7 31. Bh5 Kf6 32. Nf2 Ba2 33. Kf1 Bb1 34. c3
Bh4 35. Ng4+ Kg5 36. Be8 Bxe4 37. Nxe5 Bf5 38. Ke2 Kf6 39. Nc4 Ke7 40. Bh5 Bc2
41. Na5 Bxa4 42. Nxb7 Bb5+ 43. Kd2 Bf2 44. Bg6 c5 45. Bd3 c4 46. Be4 Bb6 0-1

[Event "AUTO-MASTER-1242"]
[Site "http://www.queenalice.com/game.php?id=844484"]
[Date "2010.10.11"]
[Round "1"]
[White "Garry_Kasparov"]
[Black "efreddy"]
[Result "0-1"]
[WhiteElo "2134"]
[BlackElo "2396"]

1. d4 Nf6 2. c4 c6 3. Nc3 d5 4. Nf3 e6 5. Bg5 Nbd7 6. e4 dxe4 7. Nxe4 Qb6 8.
Nxf6+ Nxf6 9. Bd3 Qxb2 10. O-O Qb6 11. Rb1 Qc7 12. Ne5 Bd6 13. Re1 Nd7 14. Nxd7
Bxh2+ 15. Kh1 Bxd7 16. Qh5 Bd6 17. d5 Kf8 18. dxe6 Bxe6 19. f4 Kg8 20. f5 Bd7
21. f6 g6 22. Qh6 Bf8 23. Qh4 h5 24. Bf4 Qc8 25. Qf2 h4 26. Qc2 Be8 27. Re5 Qg4
28. Qf2 h3 29. g3 c5 30. Be4 Bd6 31. Bxb7 Bxe5 32. Bxa8 Bxf6 33. Qxc5 Bd7 34.
Rb8+ Kh7 35. Rxh8+ Bxh8 36. Qxa7 g5 37. Be3 Be6 38. Qc5 Kg6 39. Bf2 Qe2 40. Kh2
Qxa2 41. Be4+ Kh6 42. Bd3 Be5 43. Qe3 Qb2 44. Qe2 Qxe2 45. Bxe2 g4 46. c5 f5 47.
Be3+ Kg6 48. Bb5 Kf6 49. Ba4 Ke7 50. Bb5 Bd5 0-1

[Event "AUTO-MASTER-1242"]
[Site "http://www.queenalice.com/game.php?id=844485"]
[Date "2010.10.11"]
[Round "1"]
[White "efreddy"]
[Black "Garry_Kasparov"]
[Result "1-0"]
[WhiteElo "2336"]
[BlackElo "2139"]

1. e4 e5 2. Nf3 Nc6 3. Bb5 a6 4. Bxc6 dxc6 5. h3 Nf6 6. O-O Bd6 7. d4 Nxe4 8.
Qe2 Bf5 9. Rd1 Qe7 10. dxe5 Bc5 11. Be3 O-O 12. Nbd2 Nxd2 13. Rxd2 Rad8 14. Bxc5
Qxc5 15. Rad1 Rxd2 16. Rxd2 Re8 17. Qd1 h6 18. Rd8 Qf8 19. Rxe8 Qxe8 20. Qe2 b5
21. Nd4 Be6 22. Nxe6 Qxe6 23. b3 f6 24. f4 fxe5 25. fxe5 Kf7 26. Qf2+ Ke8 27.
Qd4 Ke7 28. Qb4+ Ke8 29. Qf4 g5 30. Qe4 Qd5 31. Qf5 Qd4+ 32. Kh1 Kd8 33. Qf8+
Kd7 34. e6+ Kxe6 35. Qxh6+ Qf6 36. Qxf6+ Kxf6 37. Kh2 Ke5 38. Kg3 c5 39. Kg4 Kf6
40. c4 1-0

[Event "Challenge"]
[Site "http://www.queenalice.com/game.php?id=848021"]
[Date "2010.10.19"]
[Round "-"]
[White "menzo"]
[Black "Garry_Kasparov"]
[Result "0-1"]
[WhiteElo "1120"]
[BlackElo "2112"]

1. d4 d5 2. Nc3 Nf6 3. f4 Nc6 4. Nf3 e6 5. h4 Bb4 6. a3 Bxc3+ 7. bxc3 Ne4 8. Rh3
Nxc3 9. Qd2 Ne4 10. Qd3 e5 11. fxe5 Bxh3 12. gxh3 O-O 13. a4 Nb4 14. Qb3 a5 15.
Bg5 Nxg5 16. hxg5 Rb8 17. c3 Nc6 18. h4 Qd7 19. Ng1 Qg4 20. Nf3 Ne7 21. c4 Nf5
22. cxd5 Nxd4 23. Nxd4 Qxd4 24. Rc1 Qxe5 25. Bh3 Rfe8 26. Rc2 Qa1+ 27. Kf2 Qd4+
28. e3 Qxh4+ 29. Kg2 Qxg5+ 30. Kf2 Qh4+ 31. Kg2 Rbd8 32. Rxc7 Re5 33. Be6 Rg5+
34. Kf3 fxe6 35. dxe6 Qh3+ 36. Ke2 Rg2+ 37. Ke1 Qh1# 0-1

[Event "QA-ANNIV-06"]
[Site "http://www.queenalice.com/game.php?id=885023"]
[Date "2011.1.12"]
[Round "3"]
[White "Garry_Kasparov"]
[Black "luciopac"]
[Result "1-0"]
[WhiteElo "2126"]
[BlackElo "2146"]

1. e4 d5 2. exd5 Qxd5 3. Nc3 Qa5 4. d4 c6 5. Nf3 Nf6 6. Bd2 Qc7 7. Bc4 Bg4 8. h3
Bh5 9. g4 Bg6 10. Qe2 e6 11. g5 Nh5 12. d5 b5 13. Bb3 Be7 14. dxe6 O-O 15. Ne5
fxe6 16. Bxe6+ Kh8 17. O-O-O Na6 18. Rhf1 Nc5 19. Nxg6+ hxg6 20. Bg4 Nf4 21. Qe3
Rae8 22. Qg3 Bxg5 23. h4 Bh6 24. b4 Ne4 25. Nxe4 Rxe4 26. a3 Qf7 27. Kb2 Nd5 28.
f4 Bxf4 29. Bxf4 Rxf4 30. Rxf4 Qxf4 31. Qxf4 Rxf4 32. Be6 Nb6 33. Rd8+ Kh7 34.
Bg8+ Kh6 35. Bd5 Rxh4 36. Bxc6 Nc4+ 37. Kb3 Rh3+ 38. c3 Rh5 39. a4 a6 40. axb5
axb5 41. Bxb5 1-0

[Event "QA-ANNIV-06"]
[Site "http://www.queenalice.com/game.php?id=924362"]
[Date "2011.4.10"]
[Round "4"]
[White "McKubik"]
[Black "Garry_Kasparov"]
[Result "0-1"]
[WhiteElo "1372"]
[BlackElo "2133"]

1. e4 d6 2. Nc3 g6 3. Nf3 Nf6 4. b3 Bg7 5. a4 O-O 6. Bd3 c5 7. O-O Nc6 8. Bb5
Nxe4 9. Nxe4 Bxa1 10. Bxc6 bxc6 11. c3 f5 12. Neg5 h6 13. Nh3 e5 14. Ba3 Ba6 15.
Re1 e4 16. Nh4 Qxh4 17. Qxa1 f4 18. Rxe4 d5 19. Re6 Qg4 20. Rxc6 f3 21. Bxc5
Qxg2# 0-1

[Event "QA-ANNIV-06"]
[Site "http://www.queenalice.com/game.php?id=967003"]
[Date "2011.7.31"]
[Round "5"]
[White "Garry_Kasparov"]
[Black "Plotnnikov"]
[Result "0-1"]
[WhiteElo "2130"]
[BlackElo "2493"]

1. e4 e5 2. Nf3 Nc6 3. Bc4 Nf6 4. Ng5 d5 5. exd5 Na5 6. d3 h6 7. Nf3 e4 8. Nd4
Bc5 9. Be3 O-O 10. O-O exd3 11. Bxd3 Nxd5 12. Nf5 Nxe3 13. Nxe3 Nc6 14. Qh5 Bxe3
15. fxe3 Qe7 16. Qf3 Ne5 17. Qf4 Re8 18. Nc3 Nxd3 19. cxd3 Qxe3+ 20. Qxe3 Rxe3
21. Nd5 Rxd3 22. Nxc7 Rb8 0-1